Future flooding and coastal erosion risks (Record no. 107303)

MARC details
000 -LEADER
fixed length control field 01494cam a22002655a 4500
001 - CONTROL NUMBER
control field L139469
008 - FIXED-LENGTH DATA ELEMENTS--GENERAL INFORMATION
fixed length control field 070727s2007 xxkabdof 001 0 eng d
020 ## - INTERNATIONAL STANDARD BOOK NUMBER
International Standard Book Number 9780727734495
035 ## - SYSTEM CONTROL NUMBER
System control number (Sirsi) u139469
041 0# - LANGUAGE CODE
Language code of text/sound track or separate title eng
050 04 - LIBRARY OF CONGRESS CALL NUMBER
Classification number 627.4 $2 18
245 00 - TITLE STATEMENT
Title Future flooding and coastal erosion risks
260 ## - PUBLICATION, DISTRIBUTION, ETC.
Place of publication, distribution, etc. Thomas Telford
Name of publisher, distributor, etc. London
Date of publication, distribution, etc. 2007
300 ## - PHYSICAL DESCRIPTION
Extent xiv, 514p.
Other physical details ill
Dimensions 30cm.
350 ## - PRICE (NR) (BK AM CF MU VM SE) [OBSOLETE]
Price 95
505 2# - FORMATTED CONTENTS NOTE
Formatted contents note Introduction -- Drivers of flood risk -- Assessment of drivers and risks -- Coastal erosion drivers and risks -- Responses to future flood and coastal erosion risks -- Ass essment of flood risk responses -- Sustainability and governance -- Synthesis.
520 ## - SUMMARY, ETC.
Summary, etc. Presents the research base behind the Foresight Project of Flood and Coastal Defence. Studies the factors that affect flood risk at the national scale in the UK. Considers the implications for the future of UK flood risk management and governance. Forecasts the manner in which flooding and coastal erosion risks may increase during the 21st century due to climate change and socio-economic development in the UK. Presents an examination of the integrated measures necessary to manage future increases in risk, through sustainable methods.
651 #4 - SUBJECT ADDED ENTRY--GEOGRAPHIC NAME
Geographic name United Kingdom
Chronological subdivision
690 ## - LOCAL SUBJECT ADDED ENTRY--TOPICAL TERM (OCLC, RLIN)
Topical term or geographic name as entry element PROPERTY-RURAL AND NATURAL ASSETS-RURAL AND NATURAL ASSET MANAGEMENT-COASTAL MANAGEMENT
700 1# - ADDED ENTRY--PERSONAL NAME
Personal name Thorne, C.R
700 1# - ADDED ENTRY--PERSONAL NAME
Personal name Evans, E.P
700 1# - ADDED ENTRY--PERSONAL NAME
Personal name Penning-Rowsell, Edmund C
942 ## - ADDED ENTRY ELEMENTS (KOHA)
Suppress in OPAC 0
Holdings
Withdrawn status Lost status Source of classification or shelving scheme Damaged status Not for loan Home library Current library Shelving location Date acquired Cost, normal purchase price Total Checkouts Full call number Barcode Date last seen Date last checked out Copy number Cost, replacement price Price effective from Koha item type
    Dewey Decimal Classification     London London Folio 23/08/2007 95.00 7 F627.4 FUT 30074166 06/08/2019 27/05/2009 1 95.00 06/08/2019 Book